[Event "Oberhausen- Ahlen"]
[Site "?"]
[Date "2024.02.18"]
[Round "6.1"]
[White "Steinle, Carsten"]
[Black "Kyas, Jens"]
[Result "1-0"]
[WhiteElo "2006"]
[BlackElo "1873"]
[PlyCount "73"]
[SourceDate "2024.03.03"]

1. d4 c5 2. c3 Qa5 3. d5 Nf6 4. Nd2 d6 5. e4 g6 6. Bd3 Bg7 7. Ngf3 O-O 8. O-O
Nbd7 9. a4 Ng4 10. Nb3 Qc7 11. Nfd2 Nge5 12. Bc2 Nf6 13. f4 c4 14. Nd4 Bg4 15.
Qe1 Nd3 16. Bxd3 cxd3 17. Qe3 Nd7 18. Qxd3 Nc5 19. Qe3 a6 20. b4 e5 21. fxe5
dxe5 22. bxc5 exd4 23. cxd4 Rad8 24. d6 Qd7 25. Bb2 b6 26. e5 bxc5 27. dxc5
Rfe8 28. Ne4 Rb8 29. Bd4 Bf5 30. Ng3 Be6 31. Qe4 Rec8 32. Rfc1 Rb4 33. c6 Rxc6
34. Rxc6 Rxd4 35. Qxd4 Qxc6 36. Ne4 Bd5 37. Nf6+ 1-0

[Event "Oberhausen- Ahlen"]
[Site "?"]
[Date "2024.02.18"]
[Round "6.2"]
[White "Heintze, Sven"]
[Black "Torres- Kuckel, Rafael"]
[Result "0-1"]
[WhiteElo "1824"]
[BlackElo "2125"]
[PlyCount "74"]
[SourceDate "2024.03.03"]

1. d4 Nf6 2. Bf4 c5 3. d5 d6 4. Nc3 g6 5. Qd2 Qa5 6. O-O-O b5 7. f3 b4 8. Nb1
Qxa2 9. e4 Bg7 10. c3 Nbd7 11. c4 Ba6 12. Qc2 b3 13. Qd2 Nb6 14. Bh6 Bxh6 15.
Qxh6 Bxc4 16. Qd2 Qa6 17. Ne2 Rc8 18. Na3 Nbd7 19. Nc3 Bxf1 20. Rhxf1 c4 21.
Qe2 Ne5 22. Kb1 Nd3 23. f4 Nd7 24. Rf3 f6 25. g4 N7c5 26. h4 Na4 27. Nxa4 Qxa4
28. Rdxd3 cxd3 29. Qxd3 Rc5 30. h5 gxh5 31. g5 fxg5 32. fxg5 Rf8 33. Rxf8+ Kxf8
34. Qf3+ Kg7 35. Qe3 Qb4 36. Qe2 Qd4 37. Qe1 h4 0-1

[Event "Oberhausen- Ahlen"]
[Site "?"]
[Date "2024.02.18"]
[Round "6.3"]
[White "Woestmann, Ulrich"]
[Black "Kuckelkorn, Joerg"]
[Result "1-0"]
[WhiteElo "1939"]
[BlackElo "1813"]
[PlyCount "75"]
[SourceDate "2024.03.03"]

1. e4 c5 2. Nc3 e6 3. g3 d5 4. exd5 exd5 5. Bg2 Nf6 6. d3 d4 7. Ne4 Nxe4 8.
dxe4 Nc6 9. f4 Be7 10. Nf3 O-O 11. O-O Be6 12. b3 f6 13. h3 Qc7 14. Bb2 Rad8
15. Qe2 a6 16. Rfe1 Bf7 17. Rad1 Rfe8 18. c3 d3 19. Rxd3 Rxd3 20. Qxd3 c4 21.
Qe2 cxb3 22. axb3 Bc5+ 23. Kh2 Bxb3 24. Nd4 Bf7 25. Qg4 Kh8 26. Nxc6 bxc6 27.
e5 fxe5 28. fxe5 Be6 29. Qa4 Rf8 30. Ba3 Bxa3 31. Qxa3 Rf2 32. Qc5 Qf7 33. Kg1
Rxg2+ 34. Kxg2 Bd5+ 35. Kh2 Qf3 36. Qg1 Qxc3 37. Qf2 h6 38. e6 1-0

[Event "Oberhausen- Ahlen"]
[Site "?"]
[Date "2024.02.18"]
[Round "6.4"]
[White "Zimmer, Miguel"]
[Black "Volesky, Alexander"]
[Result "0-1"]
[WhiteElo "1742"]
[BlackElo "1999"]
[PlyCount "68"]
[SourceDate "2024.03.03"]

1. d4 Nf6 2. Bf4 d6 3. Nc3 Nbd7 4. Nf3 c6 5. e4 Qc7 6. Bc4 e5 7. dxe5 dxe5 8.
Bd2 b5 9. Bd3 Be7 10. a3 O-O 11. Be3 Rd8 12. Qe2 a5 13. O-O Nc5 14. h3 Nfd7 15.
Ne1 Ba6 16. f4 b4 17. Bxa6 bxc3 18. Bc4 cxb2 19. Rb1 Nxe4 20. Bxf7+ Kh8 21. Qc4
Nd6 22. Qe6 Bf6 23. fxe5 Bxe5 24. Nd3 Bf6 25. Bh5 Re8 26. Bxe8 Rxe8 27. Rxf6
Nxf6 28. Qb3 Rxe3 29. Qxb2 Nd7 30. Qd4 Re4 31. Qf2 h6 32. Kh1 Re6 33. Qg3 Qa7
34. Nf4 Ne4 0-1

[Event "Oberhausen- Ahlen"]
[Site "?"]
[Date "2024.02.18"]
[Round "6.5"]
[White "Busche, Klaus"]
[Black "Hortolani, Holger"]
[Result "1-0"]
[WhiteElo "1948"]
[BlackElo "2027"]
[PlyCount "79"]
[SourceDate "2024.03.03"]

1. d4 Nf6 2. Bf4 Nh5 3. Bc1 Nf6 4. Bf4 e6 5. e3 Bd6 6. Bxd6 cxd6 7. Nd2 d5 8.
Ngf3 b6 9. Be2 Ba6 10. c4 O-O 11. O-O Nc6 12. Rc1 Bb7 13. c5 d6 14. cxb6 Qxb6
15. Qb3 Rfc8 16. Qxb6 axb6 17. a3 Ne7 18. Bb5 Ng6 19. Nb3 e5 20. Rxc8+ Rxc8 21.
Rc1 Rxc1+ 22. Nxc1 Ne4 23. Kf1 f6 24. Ke2 Kf7 25. Nb3 Ne7 26. Nbd2 Ke6 27. dxe5
dxe5 28. Nxe4 dxe4 29. Nd2 f5 30. b4 Nd5 31. Bc4 Kd6 32. Bxd5 Kxd5 33. Kd1 g5
34. Kc2 Ba6 35. a4 h5 36. b5 Bb7 37. Kc3 h4 38. Nc4 f4 39. Kb4 g4 40. g3 1-0

[Event "Oberhausen- Ahlen"]
[Site "?"]
[Date "2024.02.18"]
[Round "6.6"]
[White "Matthes, Severin"]
[Black "Jaeger, Niklas"]
[Result "1-0"]
[WhiteElo "1889"]
[BlackElo "1840"]
[PlyCount "103"]
[SourceDate "2024.03.03"]

1. e4 e6 2. d4 d5 3. Nc3 Bb4 4. e5 c5 5. a3 cxd4 6. axb4 dxc3 7. Qg4 cxb2 8.
Bxb2 g6 9. Nf3 Bd7 10. h4 h5 11. Qf4 Nh6 12. Bd3 Nc6 13. Ng5 Qb6 14. b5 Ne7 15.
g4 Bxb5 16. Bd4 Qc6 17. Qf6 Kd7 18. gxh5 Bxd3 19. cxd3 Nef5 20. Bb2 Qb6 21. Ba3
Qd8 22. hxg6 Qxf6 23. exf6 fxg6 24. f7 Nd6 25. Bb2 a6 26. Bxh8 Rxh8 27. Rb1 Rb8
28. Rg1 Nhxf7 29. Nxf7 Nxf7 30. Rxg6 Ne5 31. Rg7+ Kc6 32. Ke2 b5 33. f4 Nd7 34.
Ra1 Nc5 35. d4 Na4 36. Rc1+ Kb6 37. Re7 b4 38. Rxe6+ Kb5 39. f5 b3 40. Kd2 Rg8
41. f6 Rg2+ 42. Re2 Rg4 43. Rf1 Rxd4+ 44. Ke3 Re4+ 45. Kd3 Nc5+ 46. Kd2 Rd4+
47. Kc1 Ra4 48. Kb1 Rxh4 49. f7 Nd7 50. Re7 Nf8 51. Re8 Ng6 52. Rg8 1-0

[Event "Oberhausen- Ahlen"]
[Site "?"]
[Date "2024.02.18"]
[Round "6.7"]
[White "Starp, Klaus"]
[Black "Barutta, Larissa"]
[Result "1/2-1/2"]
[WhiteElo "1874"]
[BlackElo "1763"]
[PlyCount "81"]
[SourceDate "2024.03.03"]

1. e4 e6 2. d3 d5 3. Nd2 Nf6 4. g3 Bc5 5. Bg2 O-O 6. Ngf3 Nc6 7. O-O Re8 8. c3
dxe4 9. Nxe4 Nxe4 10. dxe4 Qxd1 11. Rxd1 e5 12. b4 Bb6 13. a4 a6 14. h3 f6 15.
Rb1 Be6 16. Bf1 Red8 17. Rd2 Rxd2 18. Nxd2 Rd8 19. Kg2 Kf7 20. Be2 Ne7 21. Nf1
Bd7 22. a5 Ba7 23. Bc4+ Ke8 24. Ne3 Bc6 25. f3 g6 26. Ng4 Rd6 27. Be2 h5 28.
Ne3 Kd8 29. Nc4 Rd7 30. Kf1 Bb5 31. Ne3 Bd3 32. Ra1 f5 33. exf5 Nxf5 34. Nxf5
gxf5 35. Bg5+ Ke8 36. Rd1 Bxe2+ 37. Kxe2 Rxd1 38. Kxd1 Bf2 39. g4 fxg4 40. fxg4
hxg4 41. hxg4 1/2-1/2

[Event "Oberhausen- Ahlen"]
[Site "?"]
[Date "2024.02.18"]
[Round "6.8"]
[White "Engling, Dirk"]
[Black "Voelker, Andreas"]
[Result "0-1"]
[WhiteElo "1716"]
[BlackElo "1815"]
[PlyCount "64"]
[SourceDate "2024.03.03"]

1. e4 c5 2. Nf3 e6 3. Nc3 Nc6 4. Bc4 d6 5. d4 cxd4 6. Nxd4 Nf6 7. Be3 Be7 8. f3
O-O 9. Qd2 a6 10. O-O Qc7 11. Bb3 b5 12. Rad1 Na5 13. Qf2 Nxb3 14. cxb3 Bb7 15.
Rc1 Qd7 16. Rfd1 d5 17. e5 Ne8 18. Qg3 Rc8 19. Nce2 Bc5 20. Rxc5 Rxc5 21. Nxe6
Rc2 22. Nxf8 Kxf8 23. Nc3 Rxb2 24. Bc5+ Kg8 25. Qf4 Rc2 26. Bd4 Nc7 27. Rc1 Ne6
28. Qe3 Rxc1+ 29. Qxc1 Nxd4 30. Qe3 Ne6 31. Ne2 h6 32. f4 d4 0-1

[Event "Dorsten- Eichlinghofen"]
[Site "?"]
[Date "2024.02.18"]
[Round "6.1"]
[White "Scholz, Christian"]
[Black "Ahling, Michael"]
[Result "1-0"]
[WhiteElo "2260"]
[BlackElo "2128"]
[PlyCount "85"]
[SourceDate "2024.03.03"]

1. d4 d5 2. c4 c6 3. Nc3 dxc4 4. e3 b5 5. a4 b4 6. Ne4 Qd5 7. Nd2 c3 8. bxc3
bxc3 9. Nb1 Qa5 10. Qc2 e6 11. Nxc3 Bb4 12. Bd2 Nf6 13. Nf3 Nbd7 14. Bd3 Ba6
15. O-O Bxd3 16. Qxd3 O-O 17. e4 Rfd8 18. Rab1 e5 19. Qc4 exd4 20. Rxb4 dxc3
21. Bxc3 Nb6 22. Qb3 c5 23. Rd4 Qa6 24. Rxd8+ Rxd8 25. Bxf6 gxf6 26. Nh4 Qd3
27. Qb2 Qxe4 28. Qxf6 Rd5 29. Nf3 Nd7 30. Qc6 Nf8 31. h3 Qe6 32. Qb5 Qd7 33.
Qb3 a5 34. Re1 Rd3 35. Qc2 Qd5 36. Re5 Rd1+ 37. Kh2 Qd7 38. Rg5+ Ng6 39. Rxc5
Qd6+ 40. g3 Rd5 41. Rc8+ Kg7 42. Qc3+ Qf6 43. Rg8+ 1-0

[Event "Dorsten- Eichlinghofen"]
[Site "?"]
[Date "2024.02.18"]
[Round "6.2"]
[White "Hermanowski, Mark"]
[Black "Watzlawek, Markus"]
[Result "0-1"]
[WhiteElo "1906"]
[BlackElo "2015"]
[PlyCount "80"]
[SourceDate "2024.03.03"]

1. e4 c5 2. f4 e6 3. Nf3 a6 4. Be2 d5 5. e5 Nh6 6. O-O Nc6 7. Qe1 Be7 8. d3 d4
9. Nbd2 Nf5 10. Ne4 Nb4 11. Bd1 Nd5 12. Nfg5 h6 13. Nh3 h5 14. Nhg5 Bd7 15. Rf3
f6 16. Nh3 h4 17. Nhf2 Nde3 18. Rh3 Kf7 19. Ng4 Nxd1 20. Qxd1 Bc6 21. Qe2 Qd5
22. c4 dxc3 23. Nxc3 Qd4+ 24. Kh1 Rad8 25. Bd2 c4 26. Nf2 Ng3+ 27. hxg3 hxg3
28. Nfe4 Rxh3+ 29. gxh3 f5 30. Be1 cxd3 31. Qh5+ Kg8 32. Bxg3 fxe4 33. Qg6 e3+
34. Kh2 Bd5 35. Rg1 Bf8 36. Bh4 Rd7 37. Qe8 Qxf4+ 38. Bg3 Qf7 39. Qb8 Bc6 40.
Bh4 e2 0-1

[Event "Dorsten- Eichlinghofen"]
[Site "?"]
[Date "2024.02.18"]
[Round "6.3"]
[White "Brockmann, Michael"]
[Black "Czubak, Michael"]
[Result "1-0"]
[WhiteElo "2045"]
[BlackElo "1869"]
[PlyCount "63"]
[SourceDate "2024.03.03"]

1. d4 d5 2. c4 dxc4 3. Nf3 Nf6 4. e3 e6 5. Bxc4 c5 6. O-O a6 7. Qc2 b5 8. Be2
cxd4 9. Rd1 Bb7 10. a4 b4 11. Nxd4 Qc8 12. Qxc8+ Bxc8 13. Nd2 Bb7 14. Nc4 Nbd7
15. f3 Bc5 16. Nb3 Be7 17. e4 Nc5 18. Nba5 O-O 19. Be3 Rfd8 20. Kf1 Nfd7 21.
Rac1 Rab8 22. b3 Ba8 23. Nd6 Bxd6 24. Rxd6 Nb7 25. Rxa6 Nxa5 26. Rxa5 f6 27.
Rc7 Rbc8 28. Raa7 Rxc7 29. Rxc7 Ne5 30. Bb5 g5 31. Bc5 Nd3 32. Be7 1-0

[Event "Dorsten- Eichlinghofen"]
[Site "?"]
[Date "2024.02.18"]
[Round "6.4"]
[White "Tig, Achmet"]
[Black "Schuette, Tobias"]
[Result "0-1"]
[WhiteElo "1945"]
[BlackElo "1988"]
[PlyCount "56"]
[SourceDate "2024.03.03"]

1. d4 Nf6 2. c4 c5 3. d5 b5 4. cxb5 a6 5. bxa6 Bxa6 6. Nc3 d6 7. Nf3 g6 8. e4
Bxf1 9. Kxf1 Bg7 10. h3 O-O 11. Kg1 Qb6 12. Kh2 Nfd7 13. Re1 Na6 14. Kg1 c4 15.
Re2 Nb4 16. Be3 Qa5 17. Bd4 Ne5 18. Nxe5 dxe5 19. Be3 Nd3 20. Qc2 Rfc8 21. a3
f5 22. exf5 gxf5 23. Bd2 Qb6 24. Rb1 e4 25. Be3 Qg6 26. Bc1 Rab8 27. f4 exf3
28. Rxe7 Bxc3 0-1

[Event "Dorsten- Eichlinghofen"]
[Site "?"]
[Date "2024.02.18"]
[Round "6.5"]
[White "Dreier, Daniel"]
[Black "Heinrichs, Maximilian"]
[Result "1/2-1/2"]
[WhiteElo "1930"]
[BlackElo "1823"]
[PlyCount "30"]
[SourceDate "2024.03.03"]

1. d4 d5 2. Nf3 Nf6 3. c4 e6 4. g3 Be7 5. Bg2 O-O 6. Nc3 Re8 7. O-O c6 8. Bf4
Nh5 9. Bd2 f5 10. Ne5 Nf6 11. c5 Nbd7 12. f4 Nxe5 13. fxe5 Nd7 14. b4 b6 15.
Rb1 Bb7 1/2-1/2

[Event "Dorsten- Eichlinghofen"]
[Site "?"]
[Date "2024.02.18"]
[Round "6.6"]
[White "Nashir, Ramin"]
[Black "Wloka, Sebastian"]
[Result "1/2-1/2"]
[WhiteElo "1822"]
[BlackElo "1913"]
[PlyCount "59"]
[SourceDate "2024.03.03"]

1. Nf3 d5 2. g3 Nf6 3. Bg2 c6 4. O-O Bg4 5. d4 e6 6. Bf4 Be7 7. c4 Nbd7 8. Qb3
Qb6 9. c5 Qxb3 10. axb3 O-O 11. Nc3 Ne4 12. Rfe1 f6 13. h3 Bh5 14. g4 Bg6 15.
Nh4 Bf7 16. Bh2 g5 17. Nf3 f5 18. Ne5 Nxe5 19. Bxe5 Nf6 20. f3 Nd7 21. Bh2 Bf6
22. Rad1 f4 23. e3 e5 24. dxe5 Bxe5 25. exf4 gxf4 26. b4 a6 27. Bf1 Rae8 28.
Kg2 Bg6 29. Bg1 Kf7 30. Bd4 1/2-1/2

[Event "Dorsten- Eichlinghofen"]
[Site "?"]
[Date "2024.02.18"]
[Round "6.7"]
[White "Richter, Jan"]
[Black "Vengels, Joachim"]
[Result "1/2-1/2"]
[WhiteElo "1912"]
[BlackElo "1976"]
[PlyCount "107"]
[SourceDate "2024.03.03"]

1. c4 c6 2. Nf3 d5 3. b3 Nf6 4. Bb2 Bf5 5. g3 e6 6. Bg2 Nbd7 7. O-O h6 8. d3
Bc5 9. Nbd2 O-O 10. Rc1 Qb6 11. Rc2 a5 12. Qa1 Rfd8 13. h3 Ne8 14. a3 Bh7 15.
Rcc1 f6 16. Bd4 Bxd4 17. Nxd4 Nf8 18. Nc2 e5 19. cxd5 cxd5 20. Ne3 d4 21. Nec4
Qa7 22. Qb2 Rac8 23. b4 b6 24. bxa5 bxa5 25. Rb1 Rb8 26. Qa2 Kh8 27. Rxb8 Rxb8
28. Rb1 Bg8 29. Rxb8 Qxb8 30. Qb3 Qxb3 31. Nxb3 Bxc4 32. dxc4 a4 33. Nc5 Nd6
34. Bd5 f5 35. Nxa4 Nd7 36. c5 Nb5 37. Bc6 Nxc5 38. Nxc5 Nxa3 39. f3 g6 40. Bd5
Nb5 41. Kf2 Kg7 42. Nd7 Nc3 43. Bb3 e4 44. f4 d3 45. exd3 exd3 46. Ke3 d2 47.
Kxd2 Ne4+ 48. Ke3 Nxg3 49. Kd4 g5 50. Ke5 Kg6 51. Bd1 Ne4 52. Bc2 Ng3 53. Bd1
Ne4 54. Bc2 1/2-1/2

[Event "Dorsten- Eichlinghofen"]
[Site "?"]
[Date "2024.02.18"]
[Round "6.8"]
[White "Nowok, Frank"]
[Black "Scholz, Benedict"]
[Result "0-1"]
[WhiteElo "1847"]
[BlackElo "1924"]
[PlyCount "40"]
[SourceDate "2024.03.03"]

1. c4 Nf6 2. g3 g6 3. b3 Bg7 4. Bb2 O-O 5. Bg2 d6 6. d3 e5 7. e4 Nc6 8. Ne2 Nh5
9. O-O f5 10. exf5 gxf5 11. Nec3 Nf6 12. Nd5 Nxd5 13. Bxd5+ Kh8 14. Nd2 Nb4 15.
Qf3 c6 16. a3 Na6 17. Bxc6 bxc6 18. Qxc6 Rb8 19. Qg2 Nc5 20. Qf3 Nxb3 0-1

[Event "OSV 2- Dortmund"]
[Site "?"]
[Date "2024.02.18"]
[Round "6.1"]
[White "Khess, Igor"]
[Black "Joergens, Markus"]
[Result "1/2-1/2"]
[WhiteElo "1978"]
[BlackElo "2011"]
[PlyCount "93"]
[SourceDate "2024.03.03"]

1. Nf3 d5 2. b3 c5 3. Bb2 f6 4. d4 cxd4 5. Nxd4 e5 6. Nf3 Be6 7. e3 Nc6 8. Be2
Bc5 9. O-O Nge7 10. Nbd2 O-O 11. c4 Qd7 12. cxd5 Nxd5 13. Ne4 Be7 14. Nc3 Rfd8
15. Nxd5 Qxd5 16. Qxd5 Bxd5 17. Rfd1 Kf8 18. Nd2 Bb4 19. f3 Bc5 20. Kf2 Rd7 21.
Ne4 Be7 22. Nc3 Rad8 23. Nxd5 Rxd5 24. a3 Rd2 25. Rxd2 Rxd2 26. Bc1 Rc2 27. b4
a5 28. b5 Na7 29. Kf1 b6 30. Bd3 Rc7 31. Bb2 Bc5 32. Rc1 h6 33. a4 Rd7 34. Ke2
Rd8 35. Bf5 Ke7 36. Rc3 Nc8 37. Bxc8 Rxc8 38. Ba3 Kd6 39. g4 g6 40. Kd3 f5 41.
gxf5 gxf5 42. Rc4 e4+ 43. fxe4 fxe4+ 44. Ke2 Kd5 45. Rc1 Rc7 46. h3 h5 47. Rd1+
1/2-1/2

[Event "OSV 2- Dortmund"]
[Site "?"]
[Date "2024.02.18"]
[Round "6.2"]
[White "Matzat, Andre"]
[Black "Schulz, Oliver"]
[Result "1/2-1/2"]
[WhiteElo "2051"]
[BlackElo "1955"]
[PlyCount "165"]
[SourceDate "2024.03.03"]

1. d4 Nf6 2. Nf3 e6 3. Bf4 b6 4. e3 Bb7 5. Bd3 Be7 6. h3 d6 7. O-O Nbd7 8. Nbd2
O-O 9. e4 c5 10. c3 Qc7 11. Bh2 g6 12. e5 Ne8 13. Qe2 Rc8 14. a4 cxd4 15. cxd4
Bxf3 16. Nxf3 d5 17. Bf4 Nb8 18. Rfc1 Qb7 19. Rxc8 Qxc8 20. Rc1 Qb7 21. Qc2 Na6
22. Qc8 Qxc8 23. Rxc8 Nec7 24. Rxf8+ Bxf8 25. Ne1 Nb4 26. Bb1 Nc6 27. Nc2 Kg7
28. Bd2 Na6 29. Kf1 Be7 30. Ke2 h5 31. Bc3 Kf8 32. Na3 Nc7 33. Ke3 Bxa3 34.
bxa3 Na6 35. Bd3 Nab8 36. Kf4 a6 37. f3 Kg8 38. Kg5 Kg7 39. g4 hxg4 40. fxg4 a5
41. h4 Ne7 42. Bd2 Nbc6 43. Be3 Ng8 44. h5 gxh5 45. gxh5 Nh6 46. Bf2 Ng8 47.
Bb5 Nce7 48. Bd3 Nc6 49. Kf4 Kh6 50. Bb5 Nce7 51. Be2 Nc6 52. Bg4 Kg7 53. Bh4
Nxd4 54. Bf2 Nc6 55. Bxb6 f6 56. Bxe6 fxe5+ 57. Kg5 Nge7 58. Bd7 d4 59. Bc5 e4
60. Kf4 Nd5+ 61. Kf5 d3 62. Kxe4 d2 63. Bg4 d1=Q 64. Bxd1 Nc3+ 65. Kd3 Nxd1 66.
Kc4 Kh6 67. Kb5 Ne5 68. Kxa5 Nb2 69. Kb5 Nxa4 70. Bd4 Nf3 71. Be3+ Kxh5 72.
Kxa4 Kg4 73. Kb5 Kf5 74. a4 Ke4 75. Bf2 Kd5 76. a5 Ne5 77. a6 Nc4 78. Bg3 Na3+
79. Kb6 Nc4+ 80. Kb5 Na3+ 81. Ka4 Kc6 82. Bf2 Kc7 83. Kxa3 1/2-1/2

[Event "OSV 2- Dortmund"]
[Site "?"]
[Date "2024.02.18"]
[Round "6.3"]
[White "Brendemuehl, Bernd"]
[Black "Seibert, Michael"]
[Result "0-1"]
[WhiteElo "1977"]
[BlackElo "1925"]
[PlyCount "82"]
[SourceDate "2024.03.03"]

1. e4 c5 2. Nf3 Nc6 3. d4 cxd4 4. Nxd4 g6 5. Nc3 Bg7 6. Be3 Nf6 7. Qd2 O-O 8.
Be2 d5 9. exd5 Nb4 10. O-O Nbxd5 11. Nxd5 Nxd5 12. Bh6 e5 13. Bxg7 Kxg7 14. Nb3
Nf4 15. Qe3 Qg5 16. Bf3 Bh3 17. Qe4 Rae8 18. Rfe1 f5 19. Qxb7+ Rf7 20. Qc6 Re6
21. Qa8 Bxg2 22. h4 Bxf3+ 23. hxg5 Bxa8 24. Nc5 Ree7 25. Re3 Nd5 26. Ra3 Rf8
27. c3 Nf4 28. c4 Rc8 29. b4 Ne2+ 30. Kf1 Nd4 31. Rc1 Nf3 32. Na6 Rxc4 33. Rxc4
Nd2+ 34. Ke2 Nxc4 35. Rc3 Nd6 36. a4 Ne4 37. Re3 Nxg5 38. f4 Ne4 39. fxe5 Rxe5
40. Kd3 f4 41. Re1 Nc5+ 0-1

[Event "OSV 2- Dortmund"]
[Site "?"]
[Date "2024.02.18"]
[Round "6.4"]
[White "Stefaniak, Christian"]
[Black "Mewes, Karsten"]
[Result "1/2-1/2"]
[WhiteElo "1904"]
[BlackElo "1936"]
[PlyCount "60"]
[SourceDate "2024.03.03"]

1. e4 e6 2. d4 d5 3. exd5 exd5 4. Nf3 Nf6 5. Bd3 Be7 6. O-O O-O 7. Bg5 Bg4 8.
Nbd2 Nbd7 9. c3 c5 10. dxc5 Nxc5 11. Be2 Ne6 12. Be3 Bd6 13. h3 Bh5 14. Nd4
Bxe2 15. Nxe2 Re8 16. Nf3 Qa5 17. Qb3 Nc5 18. Bxc5 Qxc5 19. Ned4 a6 20. Rad1 b5
21. a3 Rad8 22. Nf5 Bf4 23. N5d4 Ne4 24. Qc2 g6 25. g3 Bb8 26. a4 Rd6 27. axb5
axb5 28. Qd3 Rf6 29. Rfe1 Kg7 30. Re2 h5 1/2-1/2

[Event "OSV 2- Dortmund"]
[Site "?"]
[Date "2024.02.18"]
[Round "6.5"]
[White "Grube, Joerg"]
[Black "Gerst, Michael"]
[Result "0-1"]
[WhiteElo "1835"]
[BlackElo "1905"]
[PlyCount "60"]
[SourceDate "2024.03.03"]

1. e4 c5 2. Nf3 e6 3. d4 cxd4 4. Nxd4 a6 5. c4 Qc7 6. Be2 Nf6 7. f3 Bd6 8. h4
Bg3+ 9. Kf1 Nc6 10. Nc3 O-O 11. Be3 Nh5 12. Qd2 Nxd4 13. Qxd4 Be5 14. Qc5 Ng3+
15. Kf2 Nxh1+ 16. Rxh1 Bg3+ 17. Kg1 Qxc5 18. Bxc5 d6 19. Ba3 Rd8 20. Na4 Be5
21. Kf2 Bd7 22. Nc3 Bd4+ 23. Kg3 Bc5 24. b4 Bd4 25. Nb1 Rac8 26. Rd1 e5 27. Nd2
Ba4 28. Nb3 b5 29. Rb1 bxc4 30. Na5 Bb5 0-1

[Event "OSV 2- Dortmund"]
[Site "?"]
[Date "2024.02.18"]
[Round "6.6"]
[White "Kraus, Kilian"]
[Black "Schlaeger, Reiner"]
[Result "1-0"]
[WhiteElo "1909"]
[BlackElo "1596"]
[PlyCount "31"]
[SourceDate "2024.03.03"]

1. d4 Nf6 2. Nc3 e6 3. e4 c5 4. dxc5 Bxc5 5. e5 Ng8 6. Qg4 Ne7 7. Ne4 Qb6 8.
Qxg7 Ng6 9. Nf6+ Kd8 10. Bd3 Bxf2+ 11. Kf1 Bxg1 12. Rxg1 Nxe5 13. Qxh8+ Ke7 14.
Bg5 Kd6 15. Ne4+ Kd5 16. Nc3+ 1-0

[Event "OSV 2- Dortmund"]
[Site "?"]
[Date "2024.02.18"]
[Round "6.7"]
[White "Schulz- Runge, Michael"]
[Black "Groß, Thomas"]
[Result "1-0"]
[WhiteElo "1737"]
[BlackElo "1903"]
[PlyCount "57"]
[SourceDate "2024.03.03"]

1. c4 e5 2. g3 Nc6 3. Bg2 f5 4. d3 Nf6 5. Nc3 Bb4 6. Bd2 O-O 7. Nd5 Bxd2+ 8.
Qxd2 d6 9. b4 Ne7 10. Nc3 d5 11. cxd5 Nexd5 12. Nxd5 Nxd5 13. Nf3 Qd6 14. O-O
Qxb4 15. Qxb4 Nxb4 16. Nxe5 Re8 17. f4 Be6 18. Rab1 a5 19. a3 Nd5 20. Rfc1 Rab8
21. Kf2 c6 22. Nc4 Nf6 23. Nd6 Ng4+ 24. Kg1 Ba2 25. Rb2 Re6 26. Nxf5 Bd5 27. e4
Rf6 28. h3 Nh6 29. Nxh6+ 1-0

[Event "OSV 2- Dortmund"]
[Site "?"]
[Date "2024.02.18"]
[Round "6.8"]
[White "Kohl, Niclas"]
[Black "Bommert, Christian"]
[Result "1-0"]
[WhiteElo "1765"]
[BlackElo "1628"]
[PlyCount "35"]
[SourceDate "2024.03.03"]

1. e4 d5 2. exd5 Qxd5 3. Nc3 Qd6 4. Nf3 Nf6 5. h3 g6 6. d4 Bg7 7. Be3 O-O 8.
Qd2 Re8 9. O-O-O a6 10. Bf4 Qd8 11. Ne5 Nd5 12. Nxd5 Bxe5 13. dxe5 Be6 14. Nf6+
exf6 15. Qxd8 Rxd8 16. Rxd8+ Kg7 17. exf6+ Kxf6 18. Bxc7 1-0

[Event "Sodingen 2- Gerthe"]
[Site "?"]
[Date "2024.02.18"]
[Round "6.1"]
[White "Quast, Marcel"]
[Black "Ribbeheger, Edgar"]
[Result "1-0"]
[WhiteElo "2163"]
[BlackElo "1971"]
[PlyCount "57"]
[SourceDate "2024.03.03"]

1. f4 d5 2. Nf3 c5 3. g3 Nc6 4. Bg2 Nf6 5. O-O e6 6. d3 Be7 7. Nbd2 Ng4 8. Nb3
h5 9. c3 a5 10. a4 Qb6 11. h3 Nh6 12. Be3 Nf5 13. Bf2 d4 14. Nbd2 Nd6 15. Nb3
Nf5 16. Nfd2 Qc7 17. Qe1 b6 18. cxd4 cxd4 19. Rc1 Bb7 20. Nxd4 Nfxd4 21. Bxd4
Rd8 22. Qf2 Rxd4 23. Qxd4 Nxd4 24. Rxc7 Nxe2+ 25. Kf2 Bxg2 26. Kxg2 Bd8 27. Rc4
h4 28. gxh4 Bxh4 29. Kf3 1-0

[Event "Sodingen 2- Gerthe"]
[Site "?"]
[Date "2024.02.18"]
[Round "6.2"]
[White "Reinholz, Benjamin"]
[Black "Brueggestraß, Volker"]
[Result "1/2-1/2"]
[WhiteElo "1981"]
[BlackElo "2037"]
[PlyCount "68"]
[SourceDate "2024.03.03"]

1. e4 e5 2. Nf3 Nf6 3. Nc3 Nc6 4. g3 Bc5 5. Bg2 d6 6. d3 a6 7. Be3 Bxe3 8. fxe3
Be6 9. d4 Bg4 10. Qd2 Qd7 11. h3 Bxf3 12. Bxf3 h5 13. O-O-O O-O-O 14. Qe2 Kb8
15. Nd5 Nxd5 16. exd5 Ne7 17. Bxh5 g6 18. Bf3 Nf5 19. Qf2 exd4 20. e4 Ne7 21.
h4 Qa4 22. Qxd4 Qxa2 23. Qf6 Nc8 24. g4 Nb6 25. b3 Rde8 26. Qc3 Nd7 27. Kd2 Qa3
28. Ra1 Qc5 29. Qxc5 Nxc5 30. Rae1 Nd7 31. Ke3 Nf6 32. Kf4 Re5 33. g5 Nh5+ 34.
Bxh5 Rxh5 1/2-1/2

[Event "Sodingen 2- Gerthe"]
[Site "?"]
[Date "2024.02.18"]
[Round "6.3"]
[White "Gottmann, Bernd"]
[Black "Haberhausen, Ansgar"]
[Result "1/2-1/2"]
[WhiteElo "1970"]
[BlackElo "2006"]
[PlyCount "99"]
[SourceDate "2024.03.03"]

1. d4 d5 2. c4 c6 3. cxd5 cxd5 4. Bg5 Nc6 5. e3 Bf5 6. Nc3 f6 7. Bh4 e6 8. Bd3
Bxd3 9. Qxd3 Qb6 10. Nge2 Bd6 11. O-O Nge7 12. Bg3 Bxg3 13. hxg3 g6 14. Nf4 Kf7
15. Na4 Qb4 16. Nc5 e5 17. a3 Qb6 18. Ne2 exd4 19. exd4 Rhe8 20. b4 Qc7 21. Qf3
b6 22. Nd3 Qd6 23. g4 Kg7 24. Rfe1 Rac8 25. Rac1 g5 26. b5 Na5 27. Rxc8 Nxc8
28. Nb4 Nc4 29. Rc1 Ne7 30. Ng3 Qe6 31. Nd3 Nxa3 32. Rc7 Nxb5 33. Nf5+ Kh8 34.
Rxe7 Rxe7 35. Nxe7 Qxe7 36. Qxd5 Nc3 37. Qc6 Ne2+ 38. Kh1 Nxd4 39. Qd5 Ne6 40.
g3 Kg7 41. Kh2 Nc5 42. Nb4 Qe4 43. Qd8 Qe6 44. Nd5 Qf7 45. Ne3 h5 46. Nf5+ Kh7
47. Nd6 Qg6 48. Nf5 Qf7 49. Nd6 Qg6 50. Nf5 1/2-1/2

[Event "Sodingen 2- Gerthe"]
[Site "?"]
[Date "2024.02.18"]
[Round "6.4"]
[White "Cobanoglu, Ferhat"]
[Black "Melmer, Felix"]
[Result "0-1"]
[WhiteElo "1951"]
[BlackElo "1899"]
[PlyCount "104"]
[SourceDate "2024.03.03"]

1. e3 d5 2. c4 dxc4 3. Bxc4 Nf6 4. Nf3 e6 5. b3 a6 6. Bb2 b5 7. Be2 Bb7 8. a3
Nbd7 9. d4 c5 10. Nbd2 Be7 11. O-O O-O 12. Bd3 cxd4 13. exd4 Nb6 14. Rc1 Rc8
15. Qe2 Rxc1 16. Rxc1 Qa8 17. Ne1 Rd8 18. f3 Nbd5 19. g3 Qa7 20. Ne4 b4 21.
axb4 Nxb4 22. Bb1 Bd5 23. Nc5 Bd6 24. Ned3 a5 25. Ne5 Bxc5 26. dxc5 Bxb3 27.
Qb5 Bd5 28. Qb6 Qa8 29. c6 Rc8 30. c7 Ne8 31. Kf2 Qa6 32. Bd4 f6 33. Nd7 Nd3+
34. Ke3 Nb4 35. Nb8 Qa8 36. Be4 f5 37. Rc5 fxe4 38. Rxa5 Qb7 39. Qxb7 Bxb7 40.
Be5 exf3 41. Rb5 Nd5+ 42. Kf2 Ba8 43. Na6 Ndxc7 44. Nxc7 Nxc7 45. Rc5 Rd8 46.
Rxc7 Rd2+ 47. Kf1 Be4 48. Rxg7+ Kf8 49. Rg4 Bd3+ 50. Ke1 Re2+ 51. Kd1 Rxe5 52.
Rf4+ Rf5 0-1

[Event "Sodingen 2- Gerthe"]
[Site "?"]
[Date "2024.02.18"]
[Round "6.5"]
[White "Meise, Ulrich"]
[Black "Baumeister, Christoph"]
[Result "1-0"]
[WhiteElo "1789"]
[BlackElo "1920"]
[PlyCount "65"]
[SourceDate "2024.03.03"]

1. e4 c5 2. c3 d5 3. exd5 Qxd5 4. Qf3 Qd6 5. Ne2 Nc6 6. d4 e6 7. dxc5 Qxc5 8.
Ng3 Nf6 9. Na3 Be7 10. Be3 Qa5 11. Nb5 O-O 12. Be2 Bd7 13. O-O Ne5 14. Qf4 Ng6
15. Qc4 Rac8 16. Qb3 a6 17. Nd4 Nd5 18. Qxb7 Nxe3 19. fxe3 Rc7 20. Qxa6 Qg5 21.
Qd3 f5 22. a4 f4 23. exf4 Nxf4 24. Qe4 e5 25. Nf3 Qh6 26. Nxe5 Bc5+ 27. Kh1 Bc8
28. Bf3 Re7 29. Qc4+ Ne6 30. Bd5 Rc7 31. Rxf8+ Kxf8 32. Rf1+ Kg8 33. Qb5 1-0